000 00976nam0a22002651 4500
001 rc\987213
005 20250622065959.0
035 _a(NLR Aleph) 006154728
090 _a5799687
_c5799687
100 _a20041129d1981 |||y0rusy50 ca
101 0 _arus
102 _aRU
105 _ay |||||||||
200 1 _aПередовые приемы семеноводства многолетних бобовых трав
210 _aМинск
_cБелНИИНТИ
_d1981
215 _a29 с.
_d19
225 1 _aСерия "Сельское хозяйство"
_eОбзор. информ.
_fБелорус. НИИ НТИ и техн.-экон. исслед.
320 _aБиблиогр.: с. 25-28 (46 назв.)
700 1 _aБашун
_bВ.В.
_gВладимир Васильевич
701 1 _aКавецкий
_bЛ.П.
_gЛеонид Петрович
801 0 _aRU
_bNLR
_gpsbo
801 1 _aRU
_bELAR
_2rusmarc
852 _aNLR
_j82-4/1357
942 _cBOOK
980 _aNB